000 00585nam a22001817a 4500
999 _c188150
_d188150
005 20220511125451.0
010 _aENG-132588
020 _a9789382025276
_c495.00
035 _aEN-116120
037 _bDBAD/PUB
082 _a158.1
100 _aMittal, Sudhir
245 _aLife Again:
_cSudhir Mittal
_bThe Story of Your Success/
260 _aNew Delhi
_bPigeon Books India
_c2016
270 _a1-2/16, Ansari Road Daryaganj
_bNew Delhi
_e110002
_k9810229648, 9312286851
_mgeneralbookdepot@yahoo.com
300 _a162p
_c21cm(hbk)
942 _2ddc
_cEN
_mMIT
_h158.1